Paroles : Le pouvoir des fleurs - Laurent Voulzy - Statistiques

Statistiques générales
  • Ce quiz a été pris 992 fois
  • Le résultat moyen est 232 sur 303
Statistiques - réponses
Paroles % Correct
de
99%
des
99%
le
99%
Le
99%
à
98%
a
98%
les
97%
Les
97%
fleurs
96%
la
96%
La
96%
96%
Avec
93%
bouquets
92%
changer
92%
Changer
92%
Hommes
92%
hommes
92%
roses
91%
mon
90%
pour
90%
Pour
90%
on
88%
On
88%
pouvoir
88%
te
88%
Au
87%
au
87%
Ce
86%
monde
85%
géraniums
84%
Par
84%
champs
83%
ça
82%
choses
82%
cœur
82%
et
82%
Et
82%
femmes
82%
Je
82%
tout
82%
Tout
82%
Lilas
80%
Jasmin,
79%
L'amour
79%
l'amour
79%
avait
78%
Terre
78%
Terre,
78%
en
77%
nos
77%
vent
76%
devant
75%
guerre
75%
cœurs
74%
comme
74%
Comme
74%
Faire
72%
faire
72%
Grâce
72%
Nature
72%
C'était
70%
projets
68%
soldats
67%
Imagine
66%
Mais
66%
m'souviens
66%
c'est
65%
un
65%
d'Arthur
64%
divisions
64%
vieux
64%
il
63%
parfum
62%
pétales
61%
fond
60%
que
60%
notre
59%
âmes
58%
demain
58%
parapets
58%
Tu
58%
y
58%
Y
58%
C'étaient
56%
jardin
56%
voir
56%
corolles
54%
espoir
54%
tomber
54%
est
53%
gens,
53%
même
53%
murs
53%
barrières,
52%
douceur
52%
enfants,
52%
Fallait
52%
du
51%
fille
51%
pareil
51%
couleurs
50%
paroles
49%
petite
49%
si
49%
sur
49%
laissait
47%
une
47%
chansons,
46%
dans
43%
folle
43%
tant
42%
éléphants
40%
verras
40%
désir
39%
n'est
39%
parti
39%
L'Eden,
38%
remise
38%
tourne-disque
38%
partie
37%
donner
36%
veille
36%
idée
35%
t'envoie
35%
Moi
34%
parfums
32%
rêvant
32%
vives
31%
voici
31%
qu'on
28%
chemises
27%
Qu'écoutait
27%
aura
26%
Ah,
23%
accords,
22%
foulards,
21%
air
17%
pop
17%
Aucun quiz correspondant
Distribution des résultats
% des personnes avec chaque résultat
Percentile par nombre de réponses
Votre historique - résultats
Vous n’avez pas pris ce quiz